Sri Shiva Lila : (Record no. 64536)

MARC details
000 -LEADER
fixed length control field 00505nam a22001697a 4500
005 - DATE AND TIME OF LATEST TRANSACTION
control field 20190906185119.0
010 ## - LCCN (DPL NO)
LC control number B-164298
020 ## - INTERNATIONAL STANDARD BOOK NUMBER
International Standard Book Number 8173052212
Terms of availability 490.00
035 ## - SYSTEM CONTROL NUMBER
System control number B-164297
035 ## - SYSTEM CONTROL NUMBER
System control number B-164298
037 ## - SOURCE OF ACQUISITION
Stock number DPL
Source of stock number/acquisition ENG
245 ## - TITLE STATEMENT
Title Sri Shiva Lila :
Remainder of title The play of the divine in the form of Lord Shiva /
Statement of responsibility, etc narrated by Vanamali
260 ## - PUBLICATION, DISTRIBUTION, ETC. (IMPRINT)
Place of publication, distribution, etc New Delhi
Name of publisher, distributor, etc Aryan Books International
Date of publication, distribution, etc 2002
300 ## - PHYSICAL DESCRIPTION
Extent xiii, 211p.
Dimensions 22 cms.
700 ## - ADDED ENTRY--PERSONAL NAME
Personal name Vanamali
942 ## - ADDED ENTRY ELEMENTS (KOHA)
Source of classification or shelving scheme Dewey Decimal Classification
Item type English Books
Classification part 230.1
Call number suffix SHR
Holdings
Withdrawn status Lost status Not for loan Collection code Home library Current library Date acquired Cost, normal purchase price Full call number Barcode Cost, replacement price Koha item type Source of acquisition Copy number
      Non-fiction R.K.Puram-8 R.K.Puram-8 20/08/2019 490.00 230.1 SHR B-164298 490.00 English Books BPPD/Purchase 1
Binding     Non-fiction Sarojini Nagar Sarojini Nagar 30/03/2012 0.00 230.1 SHR B-164297 0.00 English Books    

© Delhi Public Library
Hit Counter
free hit counter